Catálogo público

Microeconomía: edición especial en español, actualizada / (Record no. 164729)

MARC details
000 -CABECERA
campo de control de longitud fija 01167nam a2200349Ia 4500
001 - NÚMERO DE CONTROL
campo de control Z_1642
003 - IDENTIFICADOR DEL NÚMERO DE CONTROL
campo de control CHAP
008 - DATOS DE LONGITUD FIJA--INFORMACIÓN GENERAL
campo de control de longitud fija 220113sc199 xx 000 0 und d
010 ## - NÚMERO DE CONTROL DE LA BIBLIOTECA DEL CONGRESO
Número de control de LC 164729
020 ## - NÚMERO INTERNACIONAL ESTÁNDAR DEL LIBRO
Número Internacional Estándar del Libro 0-201-62584-9
040 ## - FUENTE DE LA CATALOGACIÓN
Centro/agencia transcriptor CHAP
082 ## - NÚMERO DE LA CLASIFICACIÓN DECIMAL DEWEY
Número de clasificación 339.23 P37y
100 ## - ENTRADA PRINCIPAL--NOMBRE DE PERSONA
Nombre de persona Parkin, Michael 1939-
9 (RLIN) 138813
245 ## - MENCIÓN DE TÍTULO
Título Microeconomía: edición especial en español, actualizada /
Mención de responsabilidad, etc. Michael Parkin; traducción Francisco Reyes Guerrero; colaborador Magdalena Barba Fernández
260 ## - PUBLICACIÓN, DISTRIBUCIÓN, ETC.
Lugar de publicación, distribución, etc. Estados Unidos de América :
Nombre del editor, distribuidor, etc. Addison-Wesley Iberoamericana,
Fecha de publicación, distribución, etc. c199
300 ## - DESCRIPCIÓN FÍSICA
Extensión xxxiii, 118 p.
500 ## - NOTA GENERAL
Nota general Traducido de la obra en inglés: Economics 2a ed. de 1993.
503 ## - NOTA DE HISTORIA BIBLIOGRÁFICA (BK CF MU) [OBSOLETO]
Nota de historia bibliográfica ej.1:182657, ej.2: 182656
504 ## - NOTA DE BIBLIOGRAFÍA, ETC.
Nota de bibliografía, etc. Incluye índice de materias y glosario
650 ## - PUNTO DE ACCESO ADICIONAL DE MATERIA--TÉRMINO DE MATERIA
Término de materia o nombre geográfico como elemento de entrada Economía
9 (RLIN) 35226
650 ## - PUNTO DE ACCESO ADICIONAL DE MATERIA--TÉRMINO DE MATERIA
Término de materia o nombre geográfico como elemento de entrada Gráficas
Subdivisión general Teoría de las
9 (RLIN) 50766
650 ## - PUNTO DE ACCESO ADICIONAL DE MATERIA--TÉRMINO DE MATERIA
Término de materia o nombre geográfico como elemento de entrada Mercadeo
9 (RLIN) 74880
650 ## - PUNTO DE ACCESO ADICIONAL DE MATERIA--TÉRMINO DE MATERIA
Término de materia o nombre geográfico como elemento de entrada Microeconomía
9 (RLIN) 75508
650 ## - PUNTO DE ACCESO ADICIONAL DE MATERIA--TÉRMINO DE MATERIA
Término de materia o nombre geográfico como elemento de entrada Oferta y demanda
9 (RLIN) 82790
700 ## - PUNTO DE ACCESO ADICIONAL--NOMBRE DE PERSONA
Nombre de persona I. Reyes Guerrero, Francisco, tr. II. Barba Fernández,Magdalena, colab.
9 (RLIN) 138814
901 ## - ELEMENTOS DE DATOS A LOCAL LDA (RLIN)
a 339.23 P37Y
902 ## - ELEMENTOS DE DATOS B LOCAL, LDB (RLIN)
a M
910 ## - DATOS DE OPCIÓN DEL USUARIO (OCLC)
Datos de opción del usuario c199
942 ## - ELEMENTOS DE PUNTO DE ACCESO ADICIONAL (KOHA)
Tipo de ítem Koha Libro_
942 ## - ELEMENTOS DE PUNTO DE ACCESO ADICIONAL (KOHA)
Tipo de ítem Koha
Holdings
Estado de retiro Estado de pérdida Fuente del sistema de clasificación o colocación Estado dañado No para préstamo Código de colección Localización permanente Ubicación/localización actual Ubicación en estantería Fecha de adquisición Código de barras Fecha visto por última vez Número de copia Precio válido a partir de Tipo de ítem Koha
    Dewey Decimal Classification     General Zootecnia Zootecnia   07/11/2011 z_1964 18/01/2022 1 18/01/2022 Libro
    Dewey Decimal Classification     General Zootecnia Zootecnia   07/11/2011 z_3233 18/01/2022 2 18/01/2022 Libro